000 00661nam a22002297a 4500
005 20260401102814.0
008 260401b |||||||| |||| 00| 0 eng d
020 _a9789358492491
040 _aIN-DiNC
_cIN-DiNC
041 _deng
082 _a372.21
_bEAR
245 _aEarly childhood care and education (Major13)/
_cby Nabanita Deka and others
250 _a1st ed.
260 _aDibrugarh:
_bBanalata,
_c2026.
300 _a342p.
650 _aChildhood care and education
700 _aDeka, Nabanita
_eauthor
700 _aKonwar, Subhalakhi
_eauthor
700 _aHandique, Papori
_eauthor
700 _aSaikia, jutika
_eauthor
942 _2ddc
_cBK
999 _c12359
_d12359